Australia & World Affairs

書誌詳細
フォーマット: 電子媒体 雑誌
言語:English
出版事項: Council for the National Interest
オンライン・アクセス:Full text available on EBSCOhost[Mar 1994-Sep 1998]
Off-campus access
LEADER 00947cas a2200181 a 4500
001 AALejournalEBSCOMFP002313
008 230102c9999 xx r poo 0 0eng d
022 |a 1033-6192 
040 |a BD-DhAAL  |c BD-DhAAL 
245 0 0 |h [electronic resource]  |a Australia & World Affairs 
260 |b Council for the National Interest 
300 |a 1 online resource 
500 |a <strong>Off-Campus Access:</strong> Athens ID and Password Required 
500 |a <strong>On-Campus Access:</strong> No User ID or Password Required 
506 |a Electronic access restricted to authorized BRAC University faculty, staff and students 
538 |a Mode of access: Internet 
856 4 0 |z Full text available on EBSCOhost[Mar 1994-Sep 1998]  |u https://search.ebscohost.com/direct.asp?db=f5h&jid=AUW&scope=site 
856 4 0 |z Off-campus access  |u https://go.openathens.net/redirector/bracu.ac.bd?url=https%3A%2F%2Fsearch.ebscohost.com%2Fdirect.asp%3Fdb%3Df5h%26jid%3DAUW%26scope%3Dsite